Humor y traducción: Los Simpson cruzan la frontera

Shranjeno v:
Bibliografske podrobnosti
Glavni avtor: Martínez Sierra, Juan José (autor)
Format: Knjiga
Jezik:španščina
Izdano: Castellón Universitat Jaume I 2008
Izdaja:1a. ed
Serija:Colleccio Estudis sobre la Traducció, 15
Teme:
Oznake: Označite
Brez oznak, prvi označite!

MARC

LEADER 00000cam a2200000 a 4500
001 UCC7347
003 CL-VaPUC
008 190322e20080000sp |||||||||||||||||spa|d
020 |a 9788480216364 
082 0 4 |a 418.02  |b MAR  |2 21 
100 |a Martínez Sierra, Juan José  |e autor  |9 601922 
245 1 0 |a Humor y traducción: Los Simpson cruzan la frontera 
250 |a 1a. ed 
300 |a 271 p 
942 |c BK 
945 |d 20190322 14:57:00  |a dcastane 
260 |a Castellón  |b Universitat Jaume I  |c 2008 
650 0 |a Traducción e interpretación  |9 315998 
650 7 |a HUMORISMO  |2 CL-VaPUC  |9 265588 
583 |a last modification  |c 20190322 14:57:00  |k Rodrigo Vera 
490 0 |a Colleccio Estudis sobre la Traducció, 15 
999 |c 374017  |d 374015 
952 |0 0  |1 0  |3 erb  |4 0  |6 418_020000000000000_MAR_2008  |7 0  |8 A  |9 492366  |a BIBEDU  |b BIBEDU  |i 553755K  |l 7  |m 4  |o 418.02 MAR 2008  |p 553755K  |r 2025-05-07  |s 2025-04-15  |w 2019-11-24  |y BK  |z Catalogado en:20190322  |k CIT